000 00974nam a22002897a 4500
001 7556
003 FISKH
005 20250724093843.0
008 250724b cb ||||| |||| 00| 0 eng d
020 _a9780545708029
040 _aFISKH
_beng
_cFISKH
_dFISKH
050 _aPZ7.Y78 M
082 _a791.43
100 _aYolen, Jane
245 _aMerlin and the dragons /
_cby Jane Yolen : illustrated by Li Ming
260 _aNew York :
_bScholastic ,
_c1995.
300 _a40 unnumbered pages :
_bcolor illustrations ;
_c23 x 27 cm .
505 _aR
520 _aWhen young Arthur is troubled by dreams, Merlin tells him a story about a fatherless boy who himself dreamed about dragons and the defeat of the evil king Vortigern.
521 8 _a710
_bLexile
521 8 _aR
_bRaz-Plus
650 _aArthurian
_vJuvenile fiction
650 _aKnights
_vJuvenile fiction
700 _aMing, Ly
_eIllustrator
942 _2ddc
_cBK
_n0
999 _c7556
_d7556